|
|
|
|
| LEADER |
01273nam a2200337 i 4500 |
| 001 |
42056 |
| 003 |
BD-DhAAL |
| 005 |
20240116121431.0 |
| 008 |
240116t1979 maua b 001 0 eng |
| 010 |
|
|
|a 78027199
|
| 020 |
|
|
|a 0674568850
|
| 020 |
|
|
|a 0674568869 (pbk.)
|
| 040 |
|
|
|a DLC
|c DLC
|d DLC
|d BD-DhAAL
|
| 050 |
0 |
0 |
|a HV891
|b .E34 1979
|
| 060 |
|
|
|a WS107.3 E23m
|
| 082 |
0 |
0 |
|a 362.3
|
| 100 |
1 |
|
|a Edgerton, Robert B.,
|d 1931-
|9 55945
|
| 245 |
1 |
0 |
|a Mental retardation /
|c Robert B. Edgerton.
|
| 260 |
|
|
|a Cambridge, Mass. :
|b Harvard University Press,
|c 1979.
|
| 300 |
|
|
|a 125 pages :
|b illstrations ;
|c 21 cm.
|
| 490 |
|
|
|a The Developing child
|
| 504 |
|
|
|a Includes bibliographical references (p. 113-120) and index.
|
| 541 |
|
|
|a Complimentary copy from BIED
|e 42056
|
| 650 |
|
0 |
|a Children with mental disabilities.
|9 38300
|
| 650 |
|
0 |
|a People with mental disabilities.
|
| 650 |
|
2 |
|a Mental retardation.
|9 38400
|
| 830 |
|
|
|a The Developing child
|9 55946
|
| 852 |
|
|
|a Ayesha Abed Library
|c General Stacks
|
| 942 |
|
|
|2 ddc
|c BK
|
| 999 |
|
|
|c 46301
|d 46301
|
| 952 |
|
|
|0 0
|1 0
|2 ddc
|4 0
|6 362_300000000000000_EDG
|7 0
|9 74955
|a BRACUL
|b BRACUL
|c GEN
|d 2024-01-16
|e Complimentary copy from BIED
|l 0
|o 362.3 EDG
|p 3010042056
|r 2024-01-16
|t 1
|w 2024-01-16
|y BK
|x Price not Available in the book
|